000 00584nam a2200157Ia 4500
005 20240902052550.0
008 240331s9999 xx 000 0 und d
020 _a9559362003
082 _bSEN
_a800
100 _aSenadhira, A
245 0 _aHistory of scientific literature of Sri Lanka
260 _acolombo
_bForemost productions Ltd
_c1995
300 _axv, 180 p .,
500 _aThis book is origins and development of the biomedical literature of Sri Lanka from ancient times to 1948. It is a historical study of the evolution of published scientific information.
942 _cL
999 _c3096
_d3096